Separát štatistickej ročenky školstva SR 2001 stredné odborné školy, konzervatóriá, gymnáziá

Na minha lista:
Detalhes bibliográficos
Formato: Livro
Idioma:eslovaco
Publicado em: Bratislava Ústav informácií a prognóz školstva 2001
Assuntos:
Tags: Adicionar Tag
Sem tags, seja o primeiro a adicionar uma tag!

MARC

LEADER 00000nam a2200000 4500
001 c132588
005 20251218075634.1
041 0 |a slo 
044 |a SK 
245 1 0 |a Separát štatistickej ročenky školstva SR 2001  |b stredné odborné školy, konzervatóriá, gymnáziá 
264 1 |a Bratislava  |b Ústav informácií a prognóz školstva  |c 2001 
300 |a 221 s. 
610 2 0 |a Slovensko 
610 2 0 |a školstvo 
610 2 0 |a školy stredné odborné 
610 2 0 |a školy stredné 
610 2 0 |a gymnáziá